000 00320nam a2200133 i 4500
001 bg
100 1 _aPER, Brinch Hansen
245 0 _aPodstawy systemów operacyjnych /
_cBrinch Hansen Per.
260 _aWarszawa,
_c1979.
040 _cBPK
041 _apol
942 _cKS
008 s pl f |000 0 pol
999 _c18583
_d18583
856 _uhttp://koha.tu.koszalin.pl/cgi-bin/koha/opac-detail.pl?biblionumber=18583
_yKatalog online BPK